00321nam a2200121Ia 4500008004100000041000800041082001500049100002100064245004500085260002800130300003000158365001100188240624s9999 xx 000 0 und d aeng a647.94 BAL aBALI PARVINDER S aINTERNATIONAL CUISINE AND FOOD PRODUCTIO c2012aNew DelhibOxford axv, : 527 : p. : cm. ; 26 cRSb31